[Event "Quebec op"]
[Site "Montreal"]
[Date "1981.08.02"]
[Round "1"]
[White "Meloche, Jacques"]
[Black "Zalys, Ignas"]
[Result "0-1"]
[WhiteElo "1637"]
[BlackElo "1952"]
[PlyCount "86"]
[EventDate "1981.08.02"]
[EventType "swiss"]
[EventRounds "8"]
[EventCountry "CAN"]
[SourceTitle "EXT 2022"]
[Source "ChessBase"]
[SourceDate "2021.10.06"]
[SourceVersion "1"]
[SourceVersionDate "2021.10.06"]
[SourceQuality "1"]

1. e4 e5 2. Nf3 Nc6 3. Bb5 Bc5 4. c3 f5 5. d4 fxe4 6. Bxc6 dxc6 7. Nxe5 Bd6 8. Qh5+ g6 9. Nxg6 Nf6 10. Qh4 Rg8 11. Nf4 Rg4 12. Qh6 Bf8 13. Qh3 Rxf4 14. Qe3 Rg4 15. Nd2 Rxg2 16. Nxe4 Nxe4 17. Qxe4+ Qe7 18. Qxe7+ Bxe7 19. Bf4 Rg6 20. Bxc7 Be6 21. Be5 Bd5 22. Rf1 Bf3 23. Kd2 Bg5+ 24. Kd3 0-0-0 25. b4 Rf8 26. a4 Bg2 27. Rfe1 Rxf2 28. Re2 Bf1 29. Rxf1 Rxf1 30. Kc4 Kd7 31. Bb8 Rg8 32. Bxa7 Ra8 33. Bc5 Rxa4 34. Rg2 b5+ 35. Kd3 Bf6 36. Rg8 Ra2 37. Rf8 Rxh2 38. Rf7+ Ke6 39. Rc7 Kf5 40. d5 cxd5 41. Rb7 Rd1+ 42. Ke3 Bg5+ 43. Kf3 Rd3+ 0-1